Southville International School and Colleges
Your cart is empty.
  • Cart
  • Lists
    Public lists Eva Luna New books Lux_list list_1
    Your lists Log in to create your own lists
  • Log in to your account
  • Your cookies
  • Search history
Southville International School and Colleges
  • Advanced search
  • Recent comments
  • Most popular
  • Libraries

Log in to your account

Log in with GOOGLE


If you do not have an external account, but do have a local account, you can still log in:

  1. Home
  2. MARC view: I Like folkienese /
Normal view MARC view ISBD view

I Like folkienese / (Record no. 104791)

[ view plain ]
MARC details
000 -LEADER
fixed length control field 00349nam a2200145 a 4500
005 - DATE AND TIME OF LATEST TRANSACTION
control field 20140412111328.0
008 - FIXED-LENGTH DATA ELEMENTS--GENERAL INFORMATION
fixed length control field 110120s19uu xx 00 eng d
020 ## - INTERNATIONAL STANDARD BOOK NUMBER
International Standard Book Number 971-91249-2-x
050 ## - LIBRARY OF CONGRESS CALL NUMBER
Classification number M 428
Item number D98 1993
100 ## - MAIN ENTRY--PERSONAL NAME
Personal name Dy, Joy
245 ## - TITLE STATEMENT
Title I Like folkienese /
Statement of responsibility, etc Joy Dy.
260 ## - PUBLICATION, DISTRIBUTION, ETC. (IMPRINT)
Place of publication, distribution, etc Philippines,
Date of publication, distribution, etc 1993.
300 ## - PHYSICAL DESCRIPTION
Extent 50p.
Holdings
Withdrawn status Lost status Damaged status Home library Current library Shelving location Date acquired Source of acquisition Total Checkouts Full call number Barcode Date last seen Price effective from Koha item type
      Elizalde Library Elizalde Library Main Section 01/20/2011     M 428 D98 1993 E8653 04/12/2014 04/12/2014 Books

I Like folkienese /

APA

Dy J., . (1993). I Like folkienese. Philippines: .

Chicago

Dy Joy, . 1993. I Like folkienese. Philippines: .

Harvard

Dy J., . (1993). I Like folkienese. Philippines: .

MLA

Dy Joy, . I Like folkienese. Philippines: . 1993.

  • Place hold
  • Print
  • Cite
  • Add to your cart (remove)
  • Save record
    BIBTEX Dublin Core MARCXML MARC (non-Unicode/MARC-8) MARC (Unicode/UTF-8) MARC (Unicode/UTF-8, Standard) MODS (XML) RIS
  • More searches
    Search for this title in:
    Other Libraries (WorldCat) Other Databases (Google Scholar) Online Stores (Bookfinder.com) Open Library (openlibrary.org)

Exporting to Dublin Core...

SOUTHVILLE LIBRARY

Southville International School and Colleges Library

1281 Tropical Ave. Cor. Luxembourg St., BF Homes International, Las Pinas City

Tel. No. 8256374 / 252358 Loc. 117/146

Powered by Koha